[Event "Weymouth Minor op"]
[Site "Weymouth"]
[Date "2008.10.25"]
[Round "3"]
[White "Evans, Alan JA"]
[Black "Woodhouse, William J"]
[Result "1/2-1/2"]
[WhiteElo "1320"]
[BlackElo "1560"]
[PlyCount "65"]
[EventDate "2008.10.24"]
[EventType "swiss"]
[EventRounds "5"]
[EventCountry "ENG"]
[SourceTitle "EXT 2011"]
[Source "ChessBase"]
[SourceDate "2010.11.26"]
[SourceVersion "1"]
[SourceVersionDate "2010.11.26"]
[SourceQuality "1"]

1. d4 d5 2. Nf3 Nf6 3. Bg5 e6 4. Nbd2 Be7 5. e3 0-0 6. c3 Nbd7 7. Bd3 c5 8. Qe2 b6 9. Bf4 Bb7 10. Ng5 h6 11. h4 Re8 12. Qf3 Nf8 13. Qg3 Nh5 14. Qg4 Nxf4 15. exf4 Bf6 16. Ndf3 g6 17. Nh3 h5 18. Qg3 Qd6 19. 0-0 cxd4 20. cxd4 Kh7 21. Ne5 Bxe5 22. fxe5 Qe7 23. Qf3 Kg7 24. Qg3 f5 25. exf6+ Qxf6 26. Nf4 Kh6 27. Qe3 g5 28. Nh3 Nh7 29. Bxh7 Kxh7 30. Nxg5+ Kg6 31. Qg3 Kh6 32. Qe3 Kg6 33. Qg3 1/2-1/2

[Event "Weymouth Minor op"]
[Site "Weymouth"]
[Date "2008.10.24"]
[Round "1"]
[White "Allen, Timothy S"]
[Black "Woodhouse, William J"]
[Result "1-0"]
[WhiteElo "1456"]
[BlackElo "1560"]
[PlyCount "45"]
[EventDate "2008.10.24"]
[EventType "swiss"]
[EventRounds "5"]
[EventCountry "ENG"]
[SourceTitle "EXT 2011"]
[Source "ChessBase"]
[SourceDate "2010.11.26"]
[SourceVersion "1"]
[SourceVersionDate "2010.11.26"]
[SourceQuality "1"]

1. e4 e6 2. d4 d5 3. Nc3 Nf6 4. Bg5 Be7 5. e5 Nfd7 6. h4 h6 7. Bxe7 Qxe7 8. f4 c5 9. Nb5 Nb6 10. Nd6+ Kd7 11. Bb5+ Nc6 12. dxc5 a6 13. Bxc6+ bxc6 14. cxb6 Rb8 15. Qd4 f6 16. Nf3 fxe5 17. fxe5 Qf8 18. Rf1 Qe7 19. Ng5 Rf8 20. Ngf7 g5 21. hxg5 hxg5 22. g4 Bb7 23. 0-0-0 1-0